| 000 | 01744nam a2200289 a 4500 | ||
|---|---|---|---|
| 001 | BRCA_8512 | ||
| 003 | FranzMayer | ||
| 005 | 20230724110059.0 | ||
| 008 | 140716s1776----sp-#######---#000-0#spa-# | ||
| 040 |
_aMFM _bspa _cMFM |
||
| 041 | _aspa | ||
| 044 | _asp | ||
| 084 |
_aBE17 _b.F54 1776 |
||
| 100 | 1 |
_aFlechier, Espíritu _cObispo de Nîmes _d1632-1710 _921349 |
|
| 245 | 1 | 0 |
_aSermones morales predicados delante del Rey _cpor ... Espiritu Flechier ; traducidos al castellano por don Juan de Arribas y Soria. |
| 250 | _a2 | ||
| 260 |
_aMadrid _bEn la Oficina de Antonio Fernández _c1776 |
||
| 300 |
_a[4], 302 p. _c21 x 15 cm. |
||
| 500 | _aEstado físico : lomo desprendido | ||
| 500 | _aCon marca de fuego : ´Procedencia de la marca: Convento de Santa Teresa Jesús de Querétaro(1). Institución: Orden de Carmelitas Descalzos. Provincia de San Alberto de México. Descripción: Variación sobre las armas de la Orden del Monte Carmelo. Un mantel sumado de una cruz patada y cargado de una letra capital Q. Al timbre, corona real abierta. Observaciones: Esta marca conserva tres elementos del escudo carmelita: la cruz, el mantel / monte y la corona de tres florones, simplificación de la de 12 estrellas (sentido místico del Apocalipsis) (2) ---------- En 2006 Fermín Campos sugirió que la inicial Q es la sigla de la palabra ´Querétaro´. Ubicación de la marca en el libro: Canto superior´ | ||
| 505 | 0 | _aContenido : t.2. De los morales. -- t.6. De la obra | |
| 650 | 1 | 4 |
_aSermones _921350 |
| 700 | 1 |
_aArribas y Soria, Juan de _etr. _921351 |
|
| 856 | _ahttp://www.marcasdefuego.buap.mx:8180/xmLibris/projects/firebrand/item.jsp?repository=marcas_de_fuego&key=1cac16ac.xml&num=19 | ||
| 902 | _aCFM | ||
| 942 |
_2lcc _cB |
||
| 999 |
_c8178 _d8178 |
||